000
00305nam a22001457a 4500
008
210303b ||||| |||| 00| 0 eng d
020
_a
9781323238844
041
_a
eng
080
_a
336
082
_a
336
100
_a
56
101
_a
FIN
245
_a
Accounting
_c
Horngreen, Ch.T
942
_2
udc
_c
BK
999
_c
55683
_d
55683